LDR 01036naa#a2200181#i#450# 001 RU\\bibl\121485 005 20260428224856.2 011 ## _a1994-4683 100 ## _a20230531b2023####ek#y0rusy0150####ca 102 ## _aRU 200 1# _aИЗМЕНЕНИЕ ОТНОШЕНИЯ НАСЕЛЕНИЯ К ЗДОРОВОМУ ОБРАЗУ ЖИЗНИ ПОД ВЛИЯНИЕМ ПАНДЕМИИ COVID-19 _eЖурнальная статья 210 1# _aМосква _cНациональный государственный Университет физической культуры, спорта и здоровья им. П.Ф. Лесгафта _d2023 215 ## _a4 с. 608 ## _aЖурнальная статья _2local 675 ## _aОпасность для здоровья работников, обусловленная техническими и химическими факторами. Работа в особых условиях. 331.43 _z 700 #1 _aЩетинина _gС Ю 700 #1 _aДробязго _gС А 856 4# _auchzapiski.lesgaft.spb.ru _u